000 00341nam a2200145Ia 4500
008 230718s9999 xx 000 0 und d
041 _aEng.
082 _a346.54
_bAMB-T
100 _aAmbrin,tariq Awan
245 4 _aThe partnership Act 1934
260 _aPakistan
_bPunjab Law BOOK
_c2012
300 _a213
650 _aLaw
999 _c30004
_d30004